|
|
|
|
| LEADER |
00000caa a2200000 c 4500 |
| 001 |
1525342223 |
| 003 |
DE-627 |
| 005 |
20240612173740.0 |
| 007 |
tu |
| 008 |
160210s2015 xx ||||| 00| ||ger c |
| 020 |
|
|
|a 9783779933199
|
| 035 |
|
|
|a (DE-627)1525342223
|
| 035 |
|
|
|a (DE-576)455342229
|
| 035 |
|
|
|a (DE-599)BSZ455342229
|
| 040 |
|
|
|a DE-627
|b ger
|c DE-627
|e rda
|
| 041 |
|
|
|a ger
|
| 100 |
1 |
|
|a Sutandyo-Buchholz, Adiyanti
|e VerfasserIn
|0 (DE-627)1525342150
|0 (DE-576)455342156
|4 aut
|
| 109 |
|
|
|a Sutandyo-Buchholz, Adiyanti
|a Buchholz, Adiyanti Sutandyo-
|
| 245 |
1 |
0 |
|a Rassismus in Indonesien
|c Adiyanti Sutandyo-Buchholz
|
| 264 |
|
1 |
|c 2015
|
| 336 |
|
|
|a Text
|b txt
|2 rdacontent
|
| 337 |
|
|
|a ohne Hilfsmittel zu benutzen
|b n
|2 rdamedia
|
| 338 |
|
|
|a Band
|b nc
|2 rdacarrier
|
| 773 |
0 |
8 |
|i Enthalten in
|t Diskriminierungs- und rassismuskritische soziale Arbeit und Bildung
|d Weinheim : Beltz Juventa, 2015
|g (2015), Seite 76-91
|h 260 Seiten
|w (DE-627)1614614660
|w (DE-576)431234973
|z 3779933195
|z 9783779933199
|7 nnam
|
| 773 |
1 |
8 |
|g year:2015
|g pages:76-91
|
| 889 |
|
|
|w (DE-627)838183603
|
| 935 |
|
|
|i mdedup
|
| 951 |
|
|
|a AR
|
| ELC |
|
|
|b 1
|
| LOK |
|
|
|0 000 xxxxxcx a22 zn 4500
|
| LOK |
|
|
|0 001 2897826789
|
| LOK |
|
|
|0 003 DE-627
|
| LOK |
|
|
|0 004 1525342223
|
| LOK |
|
|
|0 005 20260219075311
|
| LOK |
|
|
|0 008 160210||||||||||||||||ger|||||||
|
| LOK |
|
|
|0 040
|a DE-21-110
|c DE-627
|d DE-21-110
|
| LOK |
|
|
|0 689
|a s
|a Rassismus
|
| LOK |
|
|
|0 689
|a s
|a Geschichte
|
| LOK |
|
|
|0 689
|a s
|a Entwicklung
|
| LOK |
|
|
|0 689
|a g
|a Indonesien
|
| LOK |
|
|
|0 852
|a DE-21-110
|
| LOK |
|
|
|0 852 1
|m p
|9 00
|
| LOK |
|
|
|0 938
|k p
|
| LOK |
|
|
|0 939
|a 10-02-16
|b l01
|
| ORI |
|
|
|a WA-MARC-krimdoka001.raw
|